| 000 | 00409nam a22001457a 4500 | ||
|---|---|---|---|
| 082 |
_a344.546 _bMAH |
||
| 100 | _aMahmood, M. | ||
| 245 |
_aA Comprehensive and Exhaustive Commentary on West Pakistan Land Revenue Act,1967/ _cM. Mahmood. |
||
| 250 | _817th Edition. | ||
| 260 |
_aLahore: _bAl-Qanoon Publishers, _c2023. |
||
| 300 | _axvi, 1304p. ; | ||
| 563 | _aHB | ||
| 650 |
_aLaw _935302 |
||
| 942 |
_2ddc _cBK |
||
| 999 |
_c612991 _d612991 |
||